000 00931nam a22002057a 4500
999 _c59310
_d59310
005 20230117101406.0
008 230117c2021 enk||||| |||| 00| 0 eng d
041 _aeng
245 _ajml :
_bJournal of Modern Literature. 2021 /
_cEditors: Robert L. Caserio, Paula Marantz Cohen, Janet Lyon, Daniel T. O'Hara, Jean-Michel Rabaté and Jennifer Yusin.
260 _aUSA ,
_c2021.
300 _aV.
_b259 cm.
653 _aთანამედროვე ლიტერატურის ჟურნალი
653 _aპერიოდიკა
700 _aCaserio, Robert L
_eრედაქტორი
_916698
700 _aCohen, Paula Marantz
_eრედაქტორი
_93214
700 _aJanet Lyon, Daniel T
_eრედაქტორი
_93215
700 _aO'Hara, Jean-Michel Rabaté
_eრედაქტორი
_93216
700 _aYusin, Jennifer
_eრედაქტორი
_93217
942 _2udc
_cCR